Nigeria judiciary :contemporary Issues in Administration of justice. (Record no. 32985)

MARC details
000 -LEADER
fixed length control field 00415nam a2200157Ia 4500
020 ## - INTERNATIONAL STANDARD BOOK NUMBER
ISBN 9789789352999
050 ## - CALL MARK
Classification number KP 68 .S3/
100 ## - STATEMENT OF RESPONSIBILITY--MAIN AUTHOR NAME
Personal name Isa Ayo Salami 0fr,pca
245 #0 - TITLE STATEMENT
Title Nigeria judiciary :contemporary Issues in Administration of justice.
260 ## - PUBLICATION, DISTRIBUTION, ETC. (IMPRINT)
Year of publication 2013
300 ## - PHYSICAL DESCRIPTION
Number of Pages 570 p
650 ## - SUBJECT ADDED ENTRY--TOPICAL TERM
Topical Term Nigeria judiciary.
942 ## - ADDED ENTRY ELEMENTS (KOHA)
Koha item type Books
Holdings
Withdrawn status Lost status Source of classification or shelving scheme Damaged status Not for loan Permanent Location Current Location Shelving location Date acquired Accession Number Price effective from Koha item type
    Library of Congress Classification     Law Library Law Library Items on shelf 04/23/2025 0186543 04/23/2025 Books